<?xml version="1.0" encoding="UTF-8"?><?xml-stylesheet type="text/xsl" href="static/style.xsl"?><OAI-PMH xmlns="http://www.openarchives.org/OAI/2.0/" xmlns:xsi="http://www.w3.org/2001/XMLSchema-instance" xsi:schemaLocation="http://www.openarchives.org/OAI/2.0/ http://www.openarchives.org/OAI/2.0/OAI-PMH.xsd"><responseDate>2026-04-30T05:11:20Z</responseDate><request verb="GetRecord" identifier="oai:uvadoc.uva.es:10324/56592" metadataPrefix="marc">https://uvadoc.uva.es/oai/request</request><GetRecord><record><header><identifier>oai:uvadoc.uva.es:10324/56592</identifier><datestamp>2023-10-17T08:27:22Z</datestamp><setSpec>com_10324_38</setSpec><setSpec>col_10324_852</setSpec></header><metadata><record xmlns="http://www.loc.gov/MARC21/slim" xmlns:doc="http://www.lyncode.com/xoai" xmlns:xsi="http://www.w3.org/2001/XMLSchema-instance" xmlns:dcterms="http://purl.org/dc/terms/" xsi:schemaLocation="http://www.loc.gov/MARC21/slim http://www.loc.gov/standards/marcxml/schema/MARC21slim.xsd">
<leader>00925njm 22002777a 4500</leader>
<datafield tag="042" ind1=" " ind2=" ">
<subfield code="a">dc</subfield>
</datafield>
<datafield tag="720" ind1=" " ind2=" ">
<subfield code="a">Román Benlloch, Gema</subfield>
<subfield code="e">author</subfield>
</datafield>
<datafield tag="260" ind1=" " ind2=" ">
<subfield code="c">2022</subfield>
</datafield>
<datafield tag="520" ind1=" " ind2=" ">
<subfield code="a">La pandemia y la transformación digital han supuesto un enorme cambio en el &#xd;
mundo laboral. Por eso, el objetivo de este TFG se centra en conocer los &#xd;
perfiles que las empresas de España y de los países nórdicos buscan a través &#xd;
de LinkedIn y en analizar sus diferencias y similitudes a la hora usar esta red &#xd;
profesional para reclutar talento. El trabajo se divide en dos partes: una parte&#xd;
teórica sobre el proceso de reclutamiento y LinkedIn para reclutar talento; y una &#xd;
parte práctica que presenta los resultados y conclusiones tras varios meses de &#xd;
análisis de ofertas en LinkedIn relacionadas con recursos humanos para una &#xd;
persona sin experiencia previa</subfield>
</datafield>
<datafield tag="024" ind2=" " ind1="8">
<subfield code="a">https://uvadoc.uva.es/handle/10324/56592</subfield>
</datafield>
<datafield ind1=" " ind2=" " tag="653">
<subfield code="a">Redes sociales (Internet)</subfield>
</datafield>
<datafield ind1=" " ind2=" " tag="653">
<subfield code="a">Búsqueda de empleo</subfield>
</datafield>
<datafield tag="245" ind1="0" ind2="0">
<subfield code="a">LinkedIn para reclutar talento joven: España versus países  nórdicos</subfield>
</datafield>
</record></metadata></record></GetRecord></OAI-PMH>